Oxford Advanced Learner's Dictionary of Current English 8th/Ed (Record no. 312160)

000 -LEADER
fixed length control field 00501 a2200181 4500
001 - CONTROL NUMBER
control field 77087
020 ## - INTERNATIONAL STANDARD BOOK NUMBER
International Standard Book Number 9780194799003
082 ## - DEWEY DECIMAL CLASSIFICATION NUMBER
Classification number 423 HOR
090 ## - LOCALLY ASSIGNED LC-TYPE CALL NUMBER (OCLC); LOCAL CALL NUMBER (RLIN)
-- 39306
-- 39306
100 ## - MAIN ENTRY--PERSONAL NAME
Personal name A S Hornby
245 ## - TITLE STATEMENT
Title Oxford Advanced Learner's Dictionary of Current English 8th/Ed
Remainder of title Dictionary
Statement of responsibility, etc. A S Hornby
Medium English
250 ## - EDITION STATEMENT
Edition statement 8th
260 ## - PUBLICATION, DISTRIBUTION, ETC.
Place of publication, distribution, etc. NewYork
Name of publisher, distributor, etc. Oxford University Press
Date of publication, distribution, etc. 2010
300 ## - PHYSICAL DESCRIPTION
Extent Xii 1940P
500 ## - GENERAL NOTE
General note DOS BS Reference Books
505 ## - FORMATTED CONTENTS NOTE
Formatted contents note Gifted Books
600 ## - SUBJECT ADDED ENTRY--PERSONAL NAME
Personal name Dictionary
942 ## - ADDED ENTRY ELEMENTS (KOHA)
Institution code [OBSOLETE] CAE NUST
Call number prefix 423 HOR
Koha item type
Holdings
Withdrawn status Lost status Damaged status Not for loan Collection code Permanent Location Current Location Date acquired Total Checkouts Full call number Barcode Date last seen Price effective from Koha item type
          College of Aeronautical Engineering (CAE) College of Aeronautical Engineering (CAE) 04/03/2017   423 HOR CAEG-6269 04/05/2017 04/05/2017 Book
          College of Aeronautical Engineering (CAE) College of Aeronautical Engineering (CAE) 04/03/2017   423 HOR CAEG-6271 04/05/2017 04/05/2017 Book
          College of Aeronautical Engineering (CAE) College of Aeronautical Engineering (CAE) 04/03/2017   423 HOR CAEG-6270 04/05/2017 04/05/2017 Book
© 2023 Central Library, National University of Sciences and Technology. All Rights Reserved.